Apuntes de óptica geométrica / (Registro nro. 104682)

Detalles MARC
000 -LEADER
campo de control de longitud fija 00872nam a2200205 i 4500
001 - NÚMERO DE CONTROL
campo de control 104682
003 - IDENTIFICADOR DE NÚMERO DE CONTROL
campo de control ES-MaACL
005 - FECHA Y HORA DE LA ÚLTIMA TRANSACCIÓN
campo de control 20230906183650.0
007 - CAMPO FIJO DE DESCRIPCIÓN FÍSICA--INFORMACIÓN GENERAL
campo de control de longitud fija t|
008 - DATOS DE LONGITUD FIJA--INFORMACIÓN GENERAL
campo de control de longitud fija 051207s1983 sp |||| | spa d
100 1# - ENTRADA PRINCIPAL--NOMBRE DE PERSONA
Nombre de persona Miñones Trillo, José.
9 (RLIN) 81398
245 10 - MENCIÓN DEL TÍTULO
Título Apuntes de óptica geométrica /
Mención de responsabilidad, etc. por José Miñones Trillo
Resto del título . Bifocales y multifocales / por Fernando Guillén Quintana.
246 30 - FORMA VARIANTE DEL TITULO
Título propio/Titulo breve Bifocales y multifocales
260 ## - PUBLICACIÓN, DISTRIBUCIÓN, ETC.
Lugar de publicación, distribución, etc. [Madrid?] :
Nombre del editor, distribuidor, etc. Asociación Nacional de Farmacéuticos Especialistas en Óptica Oftálmica y Acústica Audiométrica,
Fecha de publicación, distribución, etc. 1983.
300 ## - DESCRIPCIÓN FÍSICA
Extensión 2 t. en 1 v. (104 p.) :
Otras características físicas il. ;
Dimensiones 25 cm.
650 #4 - PUNTO DE ACCESO ADICIONAL DE MATERIA--TÉRMINO DE MATERIA
Término de materia o nombre geográfico como elemento de entrada Óptica geométrica.
9 (RLIN) 150335
700 1# - ENTRADA AGREGADA--NOMBRE PERSONAL
Nombre de persona Guillén Quintana, Fernando.
9 (RLIN) 60790
710 2# - ENTRADA AGREGADA--NOMBRE DE ENTIDAD CORPORATIVA
Nombre de entidad corporativa o nombre de jurisdicción como elemento de entrada Asociación Nacional de Farmacéuticos Especialistas en Optica Oftálmica y Acústica Audiométrica.
9 (RLIN) 1757
852 ## - LOCALIZACIÓN
Ubicación ES-MaACL
Número de control de estantería L-5098
Existencias
Estatus retirado Estado de pérdida Estado de daño No para préstamo Biblioteca de origen Biblioteca actual Ubicación en estantería Fecha de adquisición Fuente de adquisición Total de préstamos Signatura topográfica completa Código de barras Visto por última vez Precio de reemplazo Tipo de ítem Koha
        Biblioteca del Ateneo de Madrid Biblioteca del Ateneo de Madrid Depósito 2 17/01/2008     L-5098 1109293 23/02/2023 23/02/2023 Libro impreso